00470 2200193 4500001002100000005001500021008004100036020001800077035001900095041000700114082001600121090001600137100001300153245003700166250000600203260003000209300002000239650001700259INLIS00000000001785120241224115405241224||||||||| | ||| |||| || |  a979-543-429-2 0010-1224017851 aid0 a329.2 DAR t a329.2 DAR t0 adaryanto00aTeknik Merawat Automobil lengkap a1 aBandungbYrama Wdyac2006 a464 hlm.; 21 cm 0ateknik mesin